| 000 | 00000nam##2200000za#4500 |
| 001 | 9.693773 |
| 003 | CaOODSP |
| 005 | 20210624233822 |
| 007 | cr ||||||||||| |
| 008 | 150407|2008||||xxc|||||o f|0| 0 eng|d |
| 040 | |aCaOODSP|beng |
| 043 | |an-cn--- |
| 086 | 1 |aF2-194/2008E-PDF |
| 110 | 1 |aCanada. |bDepartment of Finance. |
| 245 | 10|aAudit of leave and overtime, Department of Finance Canada, final audit report |h[electronic resource] |
| 260 | |aOttawa - Ontario : |bFinance Canada |c[2008]. |
| 300 | |a23p. |
| 500 | |a"Final-Approved December 1, 2008". |
| 590 | |a10-16-Supp|b2010-12-30 |
| 690 | 07|aEconomic policy|2gcpds |
| 775 | 08|tVérification des congés et des heures supplémentaires, ministère des Finances Canada, rapport final de vérification |w(CaOODSP)9.637963 |
| 856 | 40|ahttp://publications.gc.ca|qPDF|s436 KB|uhttps://publications.gc.ca/collections/collection_2010/fin/F2-194-2008-eng.pdf |